Normal view
MARC view
- Hafsa Iqbal
Entry Personal Name
001 - CONTROL NUMBER
- control field: 69751
003 - CONTROL NUMBER IDENTIFIER
- control field: NUST
005 - DATE AND TIME OF LATEST TRANSACTION
- control field: 20210628204304.0
008 - FIXED-LENGTH DATA ELEMENTS
- fixed length control field: 210628|| aca||aabn | a|a d
040 ## - CATALOGING SOURCE
- Original cataloging agency: NUST
- Transcribing agency: NUST
100 ## - HEADING--PERSONAL NAME
- Personal name: Hafsa Iqbal
670 ## - SOURCE DATA FOUND
- Source citation: Work cat.: (NUST): Hafsa Iqbal , TH-SOF-1520-Efficient PAPR Reduction Technique in OFDM and its Implementation on SDR, 2018
